000 00774cab a2200229 4500
001 WB3132-15
008 090401t1995 xxu||||| |||| 00| 0 eng d
035 _a(Sirsi) u57197
041 _aeng
245 _aBirmingham first in relocation survey
260 _c1995
350 _a0
490 _aFinancial Times
_v29 August 1995, 6(1)
520 _aA survey by Black Horse Relocation found that Birmingham is the best business location in the UK because of it`s transport links and the quality of its workforce.
650 _aBLACK HORSE RELOCATION SURVEY
650 _aBUSINESS LOCATIONS
650 _aBUSINESS PROPERTY
650 _aCOMPANY RELOCATION
690 _aPROPERTY-COMMERCIAL PROPERTY-COMMERCIAL PROPERTY MARKET
942 _n0
948 _c04/03/1997
999 _c34853
_d34853